header

Wittgenstein's private language (Record no. 419)

MARC details
000 -LEADER
fixed length control field 01439nam a2200325Ia 4500
100 1# - MAIN ENTRY--AUTHOR NAME
Personal name Mulhall, Stephen,
245 10 - TITLE STATEMENT
Title Wittgenstein's private language
260 ## - PUBLICATION, DISTRIBUTION, ETC. (IMPRINT)
Place of publication Oxford :
Name of publisher Clarendon Press ;
Place of publication New York :
Name of publisher Oxford University Press,
Year of publication 2007.
300 ## - PHYSICAL DESCRIPTION
Number of Pages 148 p.
650 #0 - SUBJECT ADDED ENTRY--TOPICAL TERM
Topical Term Philosophy, Modern.
856 40 - ELECTRONIC LOCATION AND ACCESS
Uniform Resource Identifier http://site.ebrary.com/lib/rucke/Doc?id=10288388

No items available.

© 2026 Rongo University
Contact us: librarian | system librarian | Rongo university